Proyectos: estatutos generales de la Universidad Católica de Valparaíso
Zapisane w:
| Format: | Książka |
|---|---|
| Język: | hiszpański |
| Wydane: |
Valparaíso
Universidad Católica de Valparaíso
1987
|
| Hasła przedmiotowe: | |
| Etykiety: |
Dodaj etykietę
Nie ma etykietki, Dołącz pierwszą etykiete!
|
MARC
| LEADER | 00000nam a2200000 a 4500 | ||
|---|---|---|---|
| 001 | UCY0125 | ||
| 003 | CL-VaPUC | ||
| 008 | 940713e19870000CL |||||||||||||||||spa|d | ||
| 082 | 0 | 4 | |a 378.006 |b PRO |2 21 |
| 245 | 1 | 0 | |a Proyectos: estatutos generales de la Universidad Católica de Valparaíso |
| 300 | |a 29 h | ||
| 942 | |c BK | ||
| 945 | |d 19940713 00:00:00 |a rbrito | ||
| 260 | |a Valparaíso |b Universidad Católica de Valparaíso |c 1987 | ||
| 600 | 0 | |a Universidad Católica de Valparaíso |9 267924 | |
| 650 | 0 | |a Educación superior |9 223851 | |
| 583 | |a last modification |c 19940713 00:00:00 |k Rodrigo Vera | ||
| 999 | |c 229207 |d 229205 | ||
| 952 | |0 0 |1 0 |4 0 |6 378_006000000000000_PRO_1987 |7 0 |8 P |9 230050 |a BIBEDU |b BIBEDU |c BIBEDU_PB |d 2019-11-15 |i 2975211 |o 378.006 PRO 1987 |p 2975211 |r 2024-01-25 |w 2019-11-15 |y BK |k EDU | ||